| 000 | 00542nam a2200181Ia 4500 | ||
|---|---|---|---|
| 003 | GCL | ||
| 008 | 140319s9999 xx 000 0 ara d | ||
| 040 |
_aGCL / _cGCL |
||
| 082 | 0 | 4 |
_a540.1 _bج ت |
| 100 | 1 | _aجابر بن حيان | |
| 245 | 1 | 0 |
_aتدبيرالاكسيد الاعظم : اربع عشرة رسالة فى صناعة الكيمياء / _cجابر بن حيان |
| 700 | 1 | _aلورى، بيبر | |
| 300 | _a200 | ||
| 490 | _a | ||
| 650 | 0 | 4 | _aالكيمياء |
| 650 | 0 | 4 | _aالعلوم عند العرب |
| 942 |
_2ddc _cBK |
||
| 999 |
_c44145 _d44145 |
||